000 00294nam a22001097a 4500
008 160630b xxu||||| |||| 00| 0 eng d
100 _91553
_a NCERT
245 _aWell Done Guide English Core - XII
260 _aN.D
_bArya
_c2003
300 _aWell Done Guide English Core - XII
942 _2ddc
_cBK
999 _c1284
_d1284